| 000 | 00757cam a2200205 4500500 | ||
|---|---|---|---|
| 005 | 20260111080418.0 | ||
| 041 | _afre | ||
| 042 | _adc | ||
| 100 | 1 | 0 |
_aBarilari, André _eauthor |
| 245 | 0 | 0 | _a« Le triomphe de l’injustice (richesse, évasion fiscale et démocratie) » d’Emmanuel Saez et Gabriel Zucman (Seuil 2020). Résumé et commentaires |
| 260 | _c2020. | ||
| 500 | _a74 | ||
| 690 | _aévasion fiscale | ||
| 690 | _afiscalité | ||
| 690 | _afraude fiscale | ||
| 690 | _ajustice fiscale | ||
| 690 | _aprogressivité | ||
| 786 | 0 | _nGestion & Finances Publiques | 3 | 3 | 2020-06-22 | p. 39-45 | 1969-1009 | |
| 856 | 4 | 1 | _uhttps://droit.cairn.info/revue-gestion-et-finances-publiques-2020-3-page-39?lang=fr&redirect-ssocas=7080 |
| 999 |
_c1616278 _d1616278 |
||